000 01227cam a2200253 4500
001 ABS64371
008 010907n2001 000 0 eng u
035 _a(Sirsi) u114477
100 _aGuerin, T
245 _aManagement and rehabilitation of contaminated sites: international forums and emerging trends
260 _c2001
490 _aLand Contamination & Reclamation
_v9(3) 2001, 307-317(10)
520 _aInternational co-operation in contaminated site management has increased in the past decade, reducing duplication of effort in many areas. Discusses key collaborations, partnerships and networks internationally relating to contaminated site management and remediation. The experience of these could be applied in areas where co-operation is less evident (eg Asia/Pacific) on similar environmental problems. Also provides indicators of important issues at a global level. References, tables. Taken from journal abstract.
590 _aABS
650 _aCONTAMINATED SITES
650 _aREMEDIATION
650 _aRISK ASSESSMENT
650 _aRISK MANAGEMENT
650 _aBROWNFIELD SITES
650 _aINTERNATIONAL
650 _aORGANISATIONS
690 _aENVIRONMENT-CONTAMINATION
942 _n0
999 _c68196
_d68196